banner koha

O que é a vida? / (Registro n. 8273)

MARC details
000 -LÍDER
campo de controle de tamanho fixo 01856nam a2200241 a 4500
001 - NÚMERO DE CONTROLE
campo de controle BS0003210
003 - IDENTIFICADOR DO NÚMERO DE CONTROLE
campo de controle BR-BrBNA
005 - DATA E HORÁRIO DA ÚLTIMA TRANSAÇÃO
campo de controle 20230418192241.0
008 - CAMPO DE DADOS FIXOS--INFORMAÇÃO GERAL
campo de controle de tamanho fixo 230308b |||||||| |||| 00| 0 por d
040 ## - FONTE DA CATALOGAÇÃO
Instituição da catalogação original BR-BrBNA
Idioma da catalogação por
Instituição que transcreveu o registro Biblioteca Nacional de Agricultura
041 ## - CÓDIGO DE IDIOMA
Código do idioma do texto/trilha sonora ou título diferente por
072 ## - CÓDIGO DE CATEGORIA DE ASSUNTO
Código de Categoria de Assunto S03
090 ## - NÚMERO DE CHAMADA LOCAL
Número de chamada S03 BS0003210
100 1# - ENTRADA PRINCIPAL--NOME PESSOAL
Nome pessoal Margulis, Lynn
245 1# - TÍTULO
Título O que é a vida? /
260 3# - PUBLICAÇÃO, DISTRIBUIÇÃO, ETC.
Local de publicação, distribuição, etc. Rio de Janeiro, RJ:
Nome do editor, distribuidor, etc. Zahar Editora,
Data da publicação, distribuição, etc. 2002.
300 ## - DESCRIÇÃO FÍSICA
Extensão 289 p.
500 ## - NOTA GERAL
Nota geral Título original: What is life? Traduzido por Vera Ribeiro..<br/>
520 3# - NOTA DE RESUMO, ETC
Resumo, etc. O Que é vida? é uma exploração científica e filosófica que retoma e atualiza - com base nos últimos avanços da ciência - essa célebre pergunta formulada por Schrödirger há cinqüenta anos. Ao mergulhar nas origens da vida, examina questões como: a condição da Terra como um super-organismo; a conexão biológica entre morte programada e sexo; a evolução simbiótica dos cinco remos orgânicos (bactérias, protoctistas, animais, fungos e plantas); a base solar da economia global de troca de calor; a surpreendente sugestão de que a vida - não apenas a vida humana - tem liberdade de ação, tendo desempenhado papel importante e inesperado em nossa evolução. Para dar conta de tão vasto tema, os autores Lynn Margulis e Dorion Sagan sondam o próprio coração da matéria viva, mostrando que a vida é uma "obra aberta': um complexo e lento processo de mutação e evolução iniciado há mais de quatro bilhões de anos. Ilustrações espetaculares - que mostram desde os menores organismos conhecidos (a bactéria Micoplasma)ao maior (a própria biosfera)- complementam esse instigante balanço sobre a natureza da vida. O volume traz ainda um utilíssimo glossário sobre o assunto.
650 ## - ASSUNTO--TERMO TÓPICO
Cabeçalho tópico ou nome geográfico BIOLOGIA
909 ## -
-- 202304
-- Sergio Santos
-- 56
-- Sergio Santos
942 ## - ELEMENTOS DE ENTRADA ADICIONADOS (KOHA)
Tipo de material Koha Livros
Exemplares
Situação do descarte Fonte da classificação ou esquema de arquivamento na estante Situação física Não pode ser emprestado Coleção Biblioteca de origem Biblioteca atual Total de empréstimos Número de telefone completo Código de barras Data de último acesso Número do exemplar Tipo de material Koha Situação das perdas Data de aquisição Fonte de aquisição Qualificador de local codificado
  Classificação AGRIS     Acervo Cultural Biblioteca Nacional de Agricultura - Binagri Biblioteca Nacional de Agricultura - Binagri   S03 BS0003210 S03 BS0003210 12/04/2023 01 Livros   2023-04-04 Doação S03

BINAGRI

Telefone: (61)3218-2567/2388/3357/2097 - binagri@agro.gov.br

Ministério da Agricultura e Pecuária , Esplanada dos Ministérios, Bloco D, Anexo B, Brasília/DF, CEP: 70.043-900